World Turkey Population Quiz Stats

 Plays Quiz Updated Jun 20, 2018

Score 0/30 Timer 05:00
2 Plays Today
Turkey Population Country % Correct
237,500,000United States
99%
5,700,000Canada
94%
3,920,000Mexico
91.4%
20,190,000France
90.3%
11,500,000Germany
89.1%
3,800,000United Kingdom
87.3%
20,000,000Russia
86.6%
800,000Spain
85.9%
28,900,000Brazil
84.4%
24,500,000Italy
81.2%
2,990,000Turkey (naturally)
79.5%
3,100,000Argentina
74.7%
1,210,000Australia
72.7%
6,500,000Portugal
68.7%
9,449,000Poland
66.4%
Turkey Population Country % Correct
32,000,000Chile
64.9%
1,790,000Ireland
60.8%
1,500,000Egypt
52.8%
1,981,000Ukraine
49.8%
2,000,000Iran
49%
2,530,000Hungary? (I am too!)
46.5%
1,000,000Romania
38.6%
1,500,000Belarus
30.5%
10,000,000Morocco
29.7%
3,553,000Israel
29.5%
1,300,000Kazakhstan
25.9%
1,500,000Uzbekistan
20.8%
8,900,000Tunisia
15.8%
900,000Azerbaijan
12%
2,250,000Madagascar
8.4%

You're not logged in!

Compare scores with friends on all Sporcle quizzes.
OR
Log In

Show Comments

Extras

Top Quizzes Today


Score Distribution

Your Account Isn't Verified!

In order to create a playlist on Sporcle, you need to verify the email address you used during registration. Go to your Sporcle Settings to finish the process.

Report this User

Report this user for behavior that violates our Community Guidelines.

Details: